| 000 | 00498nam a2200145Ia 4500 | ||
|---|---|---|---|
| 008 | 170221s9999 xx 000 0 und d | ||
| 100 | _aNuh Hatipoglu | ||
| 245 | 4 | _aThe Design Of Renewable And Interactive E-Book Template For E-Learning Environments Nuh Hatipoglu Nilgun Tosun | |
| 245 | _cNuh Hatipoglu Nilgun Tosun | ||
| 260 | _bOnline Journal of Communication and Media Technologies | ||
| 260 | _c2015 | ||
| 650 | _xCommunication | ||
| 650 | _xMedia Arts | ||
| 856 | _uhttp://www.ojcmt.net/ | ||
| 999 |
_c309223 _d309223 |
||